KS3 Science Photosynthesis - Statistics

General Stats
  • This quiz has been taken 24 times
  • The average score is 10 of 14
Answer Stats
Hint Answer % Correct
What colour are most leaves? Green
100%
What is the gas plants need for photosynthesis? Carbon dioxide
87%
Name the gas produced in photosynthesis? Oxygen
87%
Name a product of photosynthesis Oxygen / sugar / glucose
87%
What is the liquid plants need for photosynthesis? Water
87%
Name the organelle where Photosynthesis takes place? Chloroplast
78%
Name a reactant in photosynthesis? Carbon dioxide / water
74%
Where does water enter a plant? Roots
74%
Name the other molecule produced in photosynthesis? Sugar / glucose
70%
Name the protein molecule where photosynthesis happens? Chlorophyll
57%
Name the holes in the leaf that allow gas exchange? Stomata / stoma
57%
Name the cells with hairs that are in the roots of plants? Root hair cell
43%
Name the tubes that carry water in a plant? Xylem
43%
Name the plant cells where most photosynthesis takes place? Palisade
13%
No matching quizzes found
Score Distribution
Percent of People with Each Score
Percentile by Number Answered
Your Score History
You have not taken this quiz